000 01201nam a22003618a 4500
001 17044888
003 EG-ScBUE
005 20220223142403.0
008 111114s2012 nyu f 000 1 eng d
020 _a0670023574
020 _a9780670023578
040 _aDLC
_beng
_erda
_cDLC
_dEG-ScBUE
041 1 _aeng
_hswe
082 0 4 _a839.738
_222
_bWAL
100 1 _aWallentin, Jan,
_d1970-
_eauthor.
_930550
240 1 0 _aStrindbergs stjärna.
_lEnglish
245 1 0 _aStrindberg's star /
_cJan Wallentin ; translated by Rachel Willson-Broyles.
264 1 _aNew York :
_bViking,
_c2012.
300 _a447 pages ;
_c24 cm
336 _2rdacontent
_atext
_btxt
337 _2rdamedia
_aunmediated
_bn
338 _2rdacarrier
_avolume
_bnc
546 _aText in English ; translated from the Swedish.
650 7 _aSigns and symbols
_vFiction.
_930551
_2BUEsh
650 7 _aSecret societies
_vFiction.
_930552
_2BUEsh
650 7 _aMurder
_xInvestigation
_vFiction.
_930553
_2BUEsh
651 _2BUEsh
653 _cJuly2012
_bHHUUEENN
655 _vReading book
_934232
700 1 _aWillson-Broyles, Rachel,
_etranslator.
_930556
942 _2ddc
_cBB
999 _c16859
_d16859